000 00292nam a22001337a 4500
008 171010b xxu||||| |||| 00| 0 eng d
020 _a9780073376547
041 _aeng
080 _210TH
_a316
100 _a50
101 _aSOC
245 _aSPORTS IN SOCIETY
_cCOAKLEY.J
942 _2udc
_cBK
999 _c33000
_d33000